000 00573nam a2200169 a 4500
001 000031218
005 20200930062800.0
008 110614s1942 dr c 000 p spa d
040 _aDO-SdBNP
_bspa
_cBNPHU
082 _axxxx
_bP592m
100 1 _aPichardo, Eugenio
_957689
245 1 0 _aManojo de madrigales /
_cEugenio Pichardo ; prólogo de René Contín y Aybar.
260 _aSantiago de los Caballeros, República Dominicana :
_bEditorial El Diario,
_c1942.
300 _a77 p. :
_bretr. ;
_c15 cm.
700 1 _aContín y Aybar, René,
_epról.
_957690
049 _aBNPD
999 _c30710
_d30710